Gewinner von Deutschland sucht den Superstar (DSDS) - Statistiken

Allgemein
  • Dieses Quiz wurde 94 mal gespielt
  • Das Durchschnittsergebnis liegt bei 7 aus 20
Antwortstatistiken
Staffel Jahr Gewinner(in) % Korrekt
1 2003 Alexander Klaws
94%
2 2004 Elli Erl
60%
4 2007 Mark Medlock
57%
3 2006 Tobias Regner
57%
10 2013 Beatrice Egli
56%
8 2011 Pietro Lombardi
56%
9 2012 Luca Hänni
54%
5 2008 Thomas Godoj
51%
6 2009 Daniel Schuhmacher
46%
7 2010 Mehrzad Marashi
40%
13 2016 Prince Damien
29%
11 2014 Aneta Sablik
28%
14 2017 Alphonso Williams
21%
15 2018 Marie Wegener
21%
16 2019 Davin Herbrüggen
16%
18 2021 Jan-Marten Block
15%
20 2023 Sem Eisinger
15%
12 2015 Severino Seeger
12%
19 2022 Harry Laffontien
10%
17 2020 Ramon Kaselowsky
3%
Keine übereinstimmenden Quizze gefunden
Verteilung der Resultate
Anzahl Personen mit jedem Resultat
Perzentil nach korrekt beantworteten Fragen
Ihre Resultats-Entwicklung
Sie haben dieses Quiz noch nicht gespielt